000 00750nam a2200241 a 4500
001 77531
003 BD-RjUL
005 20211209083000.0
008 201029s1962 enk 000 0 eng
035 _a(BD-RjUL)77756
040 _aDLC
_cOYU
_dOCoLC
_dUk
_dDLC
_dBD-RjUL
_beng
041 _aeng
082 _223
_a822.3
_bKNS 1962
100 1 _aKnowland, A. S.
_eed.
_9241939
245 1 0 _aSix Caroline plays /
_ced ; with an introd. by A.S. Knowland.
260 _aLondon ;
_aNew York :
_bOxford University Press,
_c1962.
300 _a553 p.
_c16 cm.
650 0 _aEnglish drama
_yEarly modern and Elizabethan, 1500-1600.
_9241941
942 _2ddc
_cBK
999 _c77531
_d77531